| 000 | 00000nam 2200000zi 4500 |
| 001 | 9.928714 |
| 003 | CaOODSP |
| 005 | 20240212084308 |
| 006 | m o d f |
| 007 | cr mn||||||||| |
| 008 | 231013e202006##nkc o f000 0 eng d |
| 040 | |aCaOODSP|beng|erda|cCaOODSP |
| 043 | |an-cnm-- |
| 086 | 1 |aAC5-53/2020-1E-PDF |
| 245 | 00|aResults at a glance : |bevaluation of the Atlantic Canada Opportunities Agency's Business Growth and Trade and Investment programming. |
| 246 | 10|aEvaluation of the Atlantic Canada Opportunities Agency's Business Growth and Trade and Investment programming |
| 264 | 1|a[Moncton, N.B.] : |bAtlantic Canada Opportunities Agency, Evaluation and Advisory Services, |cJune 2020. |
| 300 | |a1 online resource (1 unnumbered page) |
| 336 | |atext|btxt|2rdacontent |
| 337 | |acomputer|bc|2rdamedia |
| 338 | |aonline resource|bcr|2rdacarrier |
| 500 | |aCaption title. |
| 500 | |aIssued also in French under title: Aperçu des résultats : évaluation des programmes Croissance des entreprises et Commerce et investissement de l'Agence de promotion économique du Canada atlantique. |
| 520 | |a"The Atlantic Canada Opportunities Agency's (ACOA) Business Growth and Trade and Investment programming provides funding, advice and other supports to help small and medium-sized enterprises (SMEs) to grow. It focuses on the development of SME capacity and planning as well as productivity improvements and market diversification"--Page [1]. |
| 610 | 20|aAtlantic Canada Opportunities Agency|xEvaluation. |
| 650 | 0|aFederal aid to small business|zAtlantic Provinces|xEvaluation. |
| 710 | 2 |aAtlantic Canada Opportunities Agency, |eissuing body. |
| 775 | 08|tAperçu des résultats : |w(CaOODSP)9.933747 |
| 856 | 40|qPDF|s678 KB|uhttps://publications.gc.ca/collections/collection_2024/apeca-acoa/AC5-53-2020-1-eng.pdf |
| 856 | 4 |qHTML|sN/A|uhttps://www.canada.ca/en/atlantic-canada-opportunities/corporate/transparency/results-glance-business-growth-2020.html |